ARRUPE JESUIT UNIVERSITY

CORONAVIRUS -STOP THE SPREAD - CLEAN,DISINFECT,COVER

Freud : (Record no. 123170)

MARC details
000 -LEADER
fixed length control field 01487cam a2200361 a 4500
001 - CONTROL NUMBER
control field 14970969
005 - DATE AND TIME OF LATEST TRANSACTION
control field 20150914151027.0
008 - FIXED-LENGTH DATA ELEMENTS--GENERAL INFORMATION
fixed length control field 070817s2008 enka b 001 0 eng
010 ## - LIBRARY OF CONGRESS CONTROL NUMBER
LC control number 2007034515
015 ## - NATIONAL BIBLIOGRAPHY NUMBER
National bibliography number GBA786600
Source bnb
016 7# - NATIONAL BIBLIOGRAPHIC AGENCY CONTROL NUMBER
Record control number 014200197
Source Uk
020 ## - INTERNATIONAL STANDARD BOOK NUMBER
International Standard Book Number 9780826492777 (hbk.)
020 ## - INTERNATIONAL STANDARD BOOK NUMBER
International Standard Book Number 0826492770 (hbk.)
020 ## - INTERNATIONAL STANDARD BOOK NUMBER
International Standard Book Number 9780826492784 (pbk.)
020 ## - INTERNATIONAL STANDARD BOOK NUMBER
International Standard Book Number 0826492789 (pbk.)
035 ## - SYSTEM CONTROL NUMBER
System control number (OCoLC)ocn156830938
035 ## - SYSTEM CONTROL NUMBER
System control number (OCoLC)156830938
Canceled/invalid control number (OCoLC)156830939
040 ## - CATALOGING SOURCE
Original cataloging agency DLC
Transcribing agency DLC
Modifying agency BTCTA
-- BAKER
-- UKM
-- YDXCP
-- BWKUK
-- BWK
-- BWX
-- DLC
050 00 - LIBRARY OF CONGRESS CALL NUMBER
Classification number BF173.F85
Item number S795 2008
082 00 - DEWEY DECIMAL CLASSIFICATION NUMBER
Classification number 150.19/52092
Edition number 22
100 1# - MAIN ENTRY--PERSONAL NAME
Personal name Surprenant, Céline,
Dates associated with a name 1961-
9 (RLIN) 19115
245 10 - TITLE STATEMENT
Title Freud :
Remainder of title a guide for the perplexed /
Statement of responsibility, etc Céline Surprenant.
260 ## - PUBLICATION, DISTRIBUTION, ETC. (IMPRINT)
Place of publication, distribution, etc London ;
-- New York :
Name of publisher, distributor, etc Continuum,
Date of publication, distribution, etc 2008.
300 ## - PHYSICAL DESCRIPTION
Extent viii, 184 p. :
Other physical details ill. ;
Dimensions 20 cm.
490 1# - SERIES STATEMENT
Series statement Continuum guides for the perplexed
504 ## - BIBLIOGRAPHY, ETC. NOTE
Bibliography, etc Includes bibliographical references (p. 160-176) and index.
505 0# - FORMATTED CONTENTS NOTE
Formatted contents note The psychoanalytic cure -- Juxtaposition of stories and mechanisms -- Dreams -- Affect and representation -- Metapsychology and economics.
600 10 - SUBJECT ADDED ENTRY--PERSONAL NAME
Personal name Freud, Sigmund,
Dates associated with a name 1856-1939.
9 (RLIN) 19116
830 #0 - SERIES ADDED ENTRY--UNIFORM TITLE
Uniform title Guides for the perplexed.
9 (RLIN) 11161
906 ## - LOCAL DATA ELEMENT F, LDF (RLIN)
a 7
b cbc
c orignew
d 1
e ecip
f 20
g y-gencatlg
942 ## - ADDED ENTRY ELEMENTS (KOHA)
Source of classification or shelving scheme Library of Congress Classification
Item type Monograph ( Printed materials)
Holdings
Withdrawn status Lost status Source of classification or shelving scheme Damaged status Not for loan Collection code Home library Current library Shelving location Date acquired Total Checkouts Full call number Barcode Date last seen Date last borrowed Price effective from Koha item type
    Library of Congress Classification     Main Collection ARRUPE LIBRARY ARRUPE LIBRARY Main Collection 28/08/2015 2 BF173.F85 S795 2008 46500004059 02/11/2016 20/10/2016 28/08/2015 Monograph ( Printed materials)

 

Arrupe Library. PO Box MP320 Mt Pleasant, Harare, Zimbabwe
263 242 745411|librarian@aju.ac.zw